Охрана труда и промышленная экология (Запись № 9944801)

Подробности
000 -МАРКЕР
контрольное поле 02283nam0a2200409 i 4500
001 - ИДЕНТИФИКАТОР ЗАПИСИ
контрольное поле RU\NLR\BIBL_A\010454627
005 - ИДЕНТИФИКАТОР ВЕРСИИ
контрольное поле 20260406042234.0
010 ## - МЕЖДУНАРОДНЫЙ СТАНДАРТНЫЙ НОМЕР КНИГИ (ISBN)
Номер (ISBN) 9785446808403
Тираж 1000
021 ## - НОМЕР ГОСУДАРСТВЕННОЙ РЕГИСТРАЦИИ
Код страны Российская Федерация
Номер 2014-45399
Номер Листа государственной регистраци 2752
035 ## - ДРУГИЕ СИСТЕМНЫЕ НОМЕРА
Идентификатор записи (NILC)RuMoRGB-007507477
035 ## - ДРУГИЕ СИСТЕМНЫЕ НОМЕРА
Идентификатор записи (NLR Aleph) 010454627
100 ## - ДАННЫЕ ОБЩЕЙ ОБРАБОТКИ
Данные общей обработки 20140826d2014 km y0rusy50 ca
101 0# - ЯЗЫК РЕСУРСА
Язык текста, звукозаписи и т.д. русский
102 ## - СТРАНА ПУБЛИКАЦИИ ИЛИ ПРОИЗВОДСТВА
Страна публикации Российская Федерация
105 ## - ПОЛЕ КОДИРОВАННЫХ ДАННЫХ: ТЕКСТОВЫЕ МАТЕРИАЛЫ, МОНОГРАФИЧЕСКИЕ
Кодированные данные о монографическом текстовом документе a j 000yy
200 1# - ЗАГЛАВИЕ И СВЕДЕНИЯ ОБ ОТВЕТСТВЕННОСТИ
Основное заглавие Охрана труда и промышленная экология
Сведения, относящиеся к заглавию учебник для использования в учебном процессе образовательных учреждений, реализующих программы СПО
Первые сведения об ответственности [Медведев В. Т., Новиков С.Г., Каралюнец А. В. и др.]
205 ## - СВЕДЕНИЯ ОБ ИЗДАНИИ
Сведения об издании 6-е изд., стер.
210 ## - ПУБЛИКАЦИЯ, РАСПРОСТРАНЕНИЕ И ДР.
Место издания, распространения и т.д. Москва
Имя издателя, распространителя и т. д. Академия
Дата издания, распространения и т.д. 2014
215 ## - ФИЗИЧЕСКАЯ ХАРАКТЕРИСТИКА
Специфическое обозначение материала и объем 415, [1] с.
Другие сведения о физической характеристике ил., табл.
Размеры 22
225 1# - СЕРИЯ
Основное заглавие серии Профессиональное образование
Наименование части Электротехника
300 ## - ОБЩИЕ ПРИМЕЧАНИЯ
Текст примечания Авт. указаны на обороте тит. л.
320 ## - ПРИМЕЧАНИЯ О НАЛИЧИИ В ДОКУМЕНТЕ БИБЛИОГРАФИИ / УКАЗАТЕЛЯ
Текст примечания Библиогр.: с. 412-413 (38 назв.)
606 ## - НАИМЕНОВАНИЕ ТЕМЫ КАК ПРЕДМЕТ
Наименование темы Охрана труда
Формальный подзаголовок Учебные издания для среднего профессионального образования
Географический подзаголовок Российская Федерация
Системный номер авторитетной/нормативной записи 2073919
Идентификатор авторитетной/нормативной записи RU\NLR\AUTH\661248877
606 ## - НАИМЕНОВАНИЕ ТЕМЫ КАК ПРЕДМЕТ
Наименование темы Промышленная экология
Формальный подзаголовок Учебные издания для среднего профессионального образования
Географический подзаголовок Российская Федерация
Системный номер авторитетной/нормативной записи 2190935
Идентификатор авторитетной/нормативной записи RU\NLR\AUTH\661317048
675 ## - УНИВЕРСАЛЬНАЯ ДЕСЯТИЧНАЯ КЛАССИФИКАЦИЯ (UDC/УДК)
Индекс 658.345(075.32)
686 1# - ИНДЕКСЫ ДРУГИХ КЛАССИФИКАЦИЙ
Индекс У24(2)7я723
686 1# - ИНДЕКСЫ ДРУГИХ КЛАССИФИКАЦИЙ
Индекс У28(2)530я723
701 #1 - ИМЯ ЛИЦА - АЛЬТЕРНАТИВНАЯ ОТВЕТСТВЕННОСТЬ
Графика поля Кириллица
Материалы, к которым относится поле rus
Начальный элемент ввода Медведев
Часть имени, кроме начального элемента ввода В. Т.
Дополнения к именам, кроме дат д-р техн. наук
Расширение инициалов личного имени Виктор Тихонович
Системный номер авторитетной/нормативной записи 112521
Идентификатор авторитетной/нормативной записи RU\NLR\AUTH\772511
701 #1 - ИМЯ ЛИЦА - АЛЬТЕРНАТИВНАЯ ОТВЕТСТВЕННОСТЬ
Графика поля Кириллица
Материалы, к которым относится поле rus
Начальный элемент ввода Новиков
Часть имени, кроме начального элемента ввода С. Г.
Дополнения к именам, кроме дат специалист в обл. охраны труда
Расширение инициалов личного имени Сергей Георгиевич
Системный номер авторитетной/нормативной записи 61783
Идентификатор авторитетной/нормативной записи RU\NLR\AUTH\7778855
701 #1 - ИМЯ ЛИЦА - АЛЬТЕРНАТИВНАЯ ОТВЕТСТВЕННОСТЬ
Начальный элемент ввода Каралюнец
Часть имени, кроме начального элемента ввода А. В.
Расширение инициалов личного имени Александр Викторович
801 #0 - ИСТОЧНИК ЗАПИСИ
Страна Российская Федерация
Организация RuMoRKP
Дата составления 20101202
Правила каталогизации RCR
801 #2 - ИСТОЧНИК ЗАПИСИ
Страна Российская Федерация
Организация РГБ
Дата составления 20140617
Правила каталогизации rcr
942 ## - ДОПОЛНИТЕЛЬНЫЕ ЭЛЕМЕНТЫ ЗАПИСИ (АБИС)
Тип экземпляра АБИС Книга
980 ## - КОЛЛЕКЦИЯ
Название коллекции НБР

Нет доступных экземпляров.